[Event "USA-ch U20 Girls"]
[Site "Saint Louis"]
[Date "2023.07.19"]
[Round "5"]
[White "Yip, Carissa"]
[Black "Prasanna, Gracy"]
[Result "1-0"]
[WhiteElo "2369"]
[BlackElo "2012"]
[PlyCount "99"]
[EventDate "2023.07.15"]
[EventType "tourn"]
[EventRounds "9"]
[EventCountry "USA"]
[SourceTitle "CBM 215 Extra"]
[Source "ChessBase"]
[SourceDate "2023.09.30"]
[SourceVersion "1"]
[SourceVersionDate "2023.09.30"]
[SourceQuality "1"]

1. e4 e5 2. Nf3 Nc6 3. Bb5 a6 4. Ba4 Nf6 5. 0-0 Be7 6. Re1 b5 7. Bb3 d6 8. c3 0-0 9. h3 Na5 10. Bc2 c5 11. d4 Qc7 12. d5 Nc4 13. b3 Nb6 14. Nbd2 c4 15. Bb2 Bd7 16. Nf1 Rfc8 17. Ne3 g6 18. Nd2 Nh5 19. bxc4 Nxc4 20. Ndxc4 bxc4 21. Ba3 Nf4 22. Ng4 Qd8 23. Bc1 h5 24. Nh2 Bf6 25. Kh1 Bg7 26. a4 Rab8 27. Ba3 Qc7 28. Nf1 Bf8 29. Ne3 Qd8 30. Qf3 a5 31. Rab1 Rxb1 32. Rxb1 Rb8 33. Rxb8 Qxb8 34. Nxc4 Qc7 35. Nb2 Qb6 36. Kg1 g5 37. Bd1 f5 38. Qe3 Qa6 39. c4 Qc8 40. c5 dxc5 41. Nc4 fxe4 42. Qxe4 Bf5 43. Qxe5 Bg7 44. Qe7 Qb8 45. Ne3 Qb1 46. d6 Ne6 47. d7 Qd3 48. Bc2 Qd2 49. Bxf5 Qe1+ 50. Nf1 1-0

[Event "World op 51st"]
[Site "Philadelphia"]
[Date "2023.07.03"]
[Round "7"]
[White "Prasanna, Gracy"]
[Black "Harriott, Tyrell"]
[Result "1-0"]
[WhiteElo "2012"]
[BlackElo "1846"]
[PlyCount "105"]
[EventDate "2023.06.30"]
[EventType "swiss"]
[EventRounds "9"]
[EventCountry "USA"]
[SourceTitle "CBM 215 Extra"]
[Source "ChessBase"]
[SourceDate "2023.09.30"]
[SourceVersion "1"]
[SourceVersionDate "2023.09.30"]
[SourceQuality "1"]

1. e4 d6 2. Nf3 Nf6 3. Nc3 e5 4. d4 Nbd7 5. Be2 Be7 6. 0-0 c6 7. Re1 Qc7 8. h3 Nf8 9. a4 h6 10. Be3 g5 11. Nh2 Ng6 12. Ng4 Nf4 13. Bxf4 gxf4 14. dxe5 dxe5 15. Nxf6+ Bxf6 16. Bg4 Rg8 17. Bxc8 Rxc8 18. Qe2 Rg5 19. Rad1 Be7 20. Kf1 Bc5 21. Qc4 Qe7 22. Rd3 Rg6 23. Red1 Bd4 24. Ne2 Qg5 25. Nxd4 Qxg2+ 26. Ke2 Qxe4+ 27. Kd2 Rg2 28. Kc1 Rxf2 29. Qc5 exd4 30. Rxd4 Qe3+ 31. Kb1 Re2 32. Qf5 Qe6 33. Qh7 f3 34. Rd8+ Ke7 35. Qh8 Qf5 36. Qf8+ Kf6 37. Qxh6+ Qg6 38. R1d6+ Re6 39. Rxe6+ fxe6 40. Qh4+ Qg5 41. Qxg5+ Kxg5 42. Rxc8 Kf4 43. Kc1 Ke3 44. Kd1 f2 45. Rf8 e5 46. h4 a5 47. h5 b5 48. h6 bxa4 49. h7 c5 50. h8Q Ke4 51. Qh7+ Kd5 52. Qd7+ Kc4 53. Qd3+ 1-0

[Event "USA-ch U20 Girls"]
[Site "Saint Louis"]
[Date "2022.07.11"]
[Round "5"]
[White "Cervantes Landeiro, Thalia"]
[Black "Prasanna, Gracy"]
[Result "1-0"]
[WhiteElo "2234"]
[BlackElo "1956"]
[PlyCount "95"]
[EventDate "2022.07.07"]
[EventType "tourn"]
[EventRounds "9"]
[EventCountry "USA"]
[SourceTitle "CBM 209 Extra"]
[Source "ChessBase"]
[SourceDate "2022.09.30"]
[SourceVersion "1"]
[SourceVersionDate "2022.09.30"]
[SourceQuality "1"]

1. d4 Nf6 2. c4 g6 3. Nc3 Bg7 4. e4 d6 5. f3 0-0 6. Nge2 c5 7. Be3 b6 8. d5 e6 9. Ng3 exd5 10. cxd5 Nbd7 11. Be2 h5 12. 0-0 a6 13. a4 Nh7 14. Qd2 Ne5 15. h3 h4 16. Nh1 f5 17. f4 Nf7 18. Bd3 Re8 19. Nf2 Bd7 20. Rae1 b5 21. axb5 axb5 22. exf5 gxf5 23. Nxb5 Rb8 24. Nc3 Nf6 25. Nfd1 Nh5 26. Bf2 Bf6 27. Ne3 Nh6 28. Nc4 Rxe1 29. Rxe1 Qf8 30. Be2 Ng3 31. Qd3 Bxc3 32. bxc3 Nxe2+ 33. Qxe2 Re8 34. Qh5 Rxe1+ 35. Bxe1 Nf7 36. Bxh4 Qg7 37. Qf3 Bb5 38. Nb6 Nh6 39. Nc8 Qf8 40. Qh5 Be8 41. Qg5+ Kh7 42. Qd8 Nf7 43. Qf6 Qg7 44. Qxf5+ Qg6 45. Qxg6+ Kxg6 46. Be7 Nh6 47. Nxd6 Ba4 48. g4 1-0

[Event "USA National op 51st"]
[Site "ICC INT"]
[Date "2020.11.28"]
[Round "6"]
[White "Velazquez Martinez, Josue Cuauht"]
[Black "Prasanna, Gracy"]
[Result "0-1"]
[WhiteElo "2179"]
[BlackElo "1846"]
[PlyCount "116"]
[EventDate "2020.11.27"]
[EventType "swiss"]
[EventRounds "9"]
[EventCountry "USA"]
[SourceTitle "CBM 199 Extra"]
[Source "ChessBase"]
[SourceDate "2021.01.31"]
[SourceVersion "1"]
[SourceVersionDate "2021.01.31"]
[SourceQuality "1"]

1. e4 e5 2. Nf3 Nc6 3. Bc4 Bc5 4. b4 Bxb4 5. c3 Ba5 6. d4 exd4 7. Qb3 Qe7 8. 0-0 Nf6 9. e5 Nxe5 10. Nxe5 Qxe5 11. Bxf7+ Kf8 12. cxd4 Qe7 13. Bc4 d6 14. Nc3 Bb6 15. Bb2 Bf5 16. a4 c6 17. a5 Bxd4 18. Rad1 Be5 19. f4 Bxc3 20. Qxc3 Ne4 21. Qc1 b5 22. Bd3 Rc8 23. Rfe1 d5 24. Be5 Kf7 25. Qa1 Rhe8 26. Re3 Kg8 27. Bxe4 Bxe4 28. Rg3 g6 29. Qa2 Qf7 30. h4 h5 31. Re1 Bf5 32. Qb2 a6 33. Qf2 c5 34. Ba1 Rxe1+ 35. Qxe1 d4 36. Qe5 Re8 37. Qxc5 Re1+ 38. Kh2 Rxa1 39. Qxd4 Re1 40. Rc3 Qe7 41. Kg3 Re4 42. Qb6 Rc4 43. Re3 Qc7 44. Re8+ Kf7 45. Qe3 Rc3 46. Re7+ Qxe7 47. Qxc3 Qe6 48. Qd4 Qd7 49. Qb6 Qc8 50. Kh2 Be6 51. Qd6 Qc4 52. Qxa6 Qxf4+ 53. Kg1 Qd4+ 54. Kh2 Qxh4+ 55. Kg1 Qd4+ 56. Kh2 Qe5+ 57. Kg1 Qc5+ 58. Kh2 Bd5 0-1